[Event "Arco op 32nd"]
[Site "Arco"]
[Date "2010.10.21"]
[Round "6"]
[White "Bondielli, Giorgio"]
[Black "Prezzi, Adriano"]
[Result "1/2-1/2"]
[WhiteElo "1880"]
[BlackElo "1682"]
[PlyCount "110"]
[EventDate "2010.10.16"]
[EventType "swiss"]
[EventRounds "9"]
[EventCountry "ITA"]
[SourceTitle "EXT 2024"]
[Source "ChessBase"]
[SourceDate "2023.10.10"]
[SourceVersion "1"]
[SourceVersionDate "2023.10.10"]
[SourceQuality "1"]

1. e4 c5 2. d4 cxd4 3. c3 dxc3 4. Nxc3 Nc6 5. Nf3 e6 6. Bc4 Qc7 7. Qe2 Nf6 8. h3 d6 9. 0-0 a6 10. Bf4 Be7 11. Rac1 0-0 12. Rfd1 Rd8 13. Bb3 Qa5 14. e5 dxe5 15. Nxe5 Nxe5 16. Bxe5 Bd7 17. Rd2 Bc6 18. Rcd1 Rxd2 19. Rxd2 Rd8 20. Rxd8+ Qxd8 21. Bc2 Qb6 22. Qd2 Qd8 23. Qf4 Ne8 24. Ne4 Bxe4 25. Qxe4 g6 26. Qxb7 Qa5 27. Bc3 Bf6 28. Qf3 Bxc3 29. Qxc3 Nf6 30. a3 Nd5 31. Qd3 Qc7 32. Bb3 Nf4 33. Qc4 Qe5 34. Bd1 Qe1+ 35. Qf1 Qd2 36. b3 Qd6 37. a4 Qd2 38. Bf3 Qc3 39. Qd1 Nd3 40. Be4 Nc5 41. Bc2 e5 42. Kh2 e4 43. Qe2 f5 44. Qd1 Nd3 45. Kg1 Qd4 46. Qd2 Kf7 47. h4 Ke6 48. Kf1 f4 49. Kg1 h6 50. Kf1 g5 51. hxg5 hxg5 52. Kg1 Qa1+ 53. Kh2 Qf1 54. Qa5 Nxf2 55. Qb6+ Kd5 1/2-1/2

[Event "Arco op 32nd"]
[Site "Arco"]
[Date "2010.10.17"]
[Round "2"]
[White "Prezzi, Adriano"]
[Black "Stolfa, Rodolfo"]
[Result "1-0"]
[WhiteElo "1682"]
[BlackElo "1876"]
[PlyCount "78"]
[EventDate "2010.10.16"]
[EventType "swiss"]
[EventRounds "9"]
[EventCountry "ITA"]
[SourceTitle "EXT 2024"]
[Source "ChessBase"]
[SourceDate "2023.10.10"]
[SourceVersion "1"]
[SourceVersionDate "2023.10.10"]
[SourceQuality "1"]

1. d4 d5 2. c4 e6 3. Nc3 Nf6 4. Nf3 Nbd7 5. Qc2 dxc4 6. e4 Nb6 7. a3 Be7 8. e5 Nfd5 9. Ne4 Bd7 10. Bxc4 Nxc4 11. Qxc4 a6 12. Bd2 Bb5 13. Qc2 Nb6 14. b3 a5 15. a4 Bc6 16. 0-0 Nd5 17. Bg5 Bxg5 18. Nexg5 Nb4 19. Qe2 Qd5 20. Qb2 h6 21. Nh3 g5 22. Rad1 Qe4 23. Rfe1 Qf5 24. d5 Nxd5 25. Nd4 Qg6 26. Qc1 Bd7 27. g3 Rc8 28. f4 gxf4 29. Nxf4 Nxf4 30. Qxf4 Kf8 31. Rf1 Kg7 32. Nf3 Bc6 33. Nh4 Rhf8 34. Nxg6 fxg6 35. Qh4 g5 36. Rxf8 Rxf8 37. Qc4 Bd5 38. Qxc7+ Rf7 39. Qb6 Bc6 1-0

[Event "SEMI B005 email"]
[Site "SEMI email"]
[Date "2000.??.??"]
[Round "?"]
[White "Brokes, Frank"]
[Black "Prezzi, Adriano"]
[Result "1-0"]
[WhiteElo "1590"]
[BlackElo "1550"]
[PlyCount "45"]
[EventDate "2000.01.20"]
[EventType "tourn (corr)"]
[EventRounds "6"]
[EventCountry "ITA"]
[SourceTitle "Corr 2002"]
[Source "ChessBase"]
[SourceDate "2002.05.23"]
[SourceVersion "1"]
[SourceVersionDate "2002.05.23"]
[SourceQuality "1"]

1. e4 c5 2. f4 d5 3. exd5 Nf6 4. Bb5+ Bd7 5. Bxd7+ Qxd7 6. c4 e6 7. Qe2 Bd6 8. dxe6 fxe6 9. d3 Nc6 10. Nf3 0-0 11. 0-0 Rae8 12. Nc3 Nh5 13. g3 e5 14. Ng5 Nf6 15. Nge4 exf4 16. Bxf4 Bxf4 17. Rxf4 Nxe4 18. dxe4 Qd4+ 19. Kg2 Ne5 20. Rd1 g5 21. Rxf8+ Rxf8 22. Rxd4 cxd4 23. Nd5 1-0

[Event "SEMI B005 email"]
[Site "SEMI email"]
[Date "2000.??.??"]
[Round "?"]
[White "Parrilla, Antonio"]
[Black "Prezzi, Adriano"]
[Result "1/2-1/2"]
[WhiteElo "1000"]
[BlackElo "1550"]
[PlyCount "34"]
[EventDate "2000.01.20"]
[EventType "tourn (corr)"]
[EventRounds "6"]
[EventCountry "ITA"]
[SourceTitle "Corr 2002"]
[Source "ChessBase"]
[SourceDate "2002.05.23"]
[SourceVersion "1"]
[SourceVersionDate "2002.05.23"]
[SourceQuality "1"]

1. d4 Nf6 2. c4 e6 3. g3 d5 4. Bg2 dxc4 5. Qa4+ Bd7 6. Qxc4 Bc6 7. Nf3 h6 8. 0-0 a6 9. Ne5 Bxg2 10. Kxg2 Qd5+ 11. Qxd5 exd5 12. Nc3 Bb4 13. a3 Bxc3 14. bxc3 b5 15. a4 bxa4 16. Rxa4 Nbd7 17. Be3 Ne4 1/2-1/2

[Event "SEMI B005 email"]
[Site "SEMI email"]
[Date "2000.??.??"]
[Round "?"]
[White "Prezzi, Adriano"]
[Black "Soldini, Paolo"]
[Result "0-1"]
[WhiteElo "1550"]
[BlackElo "1121"]
[PlyCount "49"]
[EventDate "2000.01.20"]
[EventType "tourn (corr)"]
[EventRounds "6"]
[EventCountry "ITA"]
[SourceTitle "Corr 2002"]
[Source "ChessBase"]
[SourceDate "2002.05.23"]
[SourceVersion "1"]
[SourceVersionDate "2002.05.23"]
[SourceQuality "1"]

1. e4 e5 2. Nf3 Nc6 3. d4 exd4 4. Bc4 Nf6 5. 0-0 Nxe4 6. Re1 d5 7. Bxd5 Qxd5 8. Nc3 Qa5 9. Nxe4 Be6 10. Bd2 Qb6 11. Neg5 0-0-0 12. Nxe6 fxe6 13. Ng5 Rd7 14. Nxe6 Qxb2 15. Qg4 d3 16. Rad1 dxc2 17. Nxf8 Rxf8 18. Qxd7+ Kxd7 19. Bc3+ cxd1Q 20. Rxd1+ Kc8 21. Bxb2 g6 22. f3 Rd8 23. Rxd8+ Kxd8 24. Bc3 Ke7 25. Kf2 0-1

[Event "SEMI B005 email"]
[Site "SEMI email"]
[Date "2000.??.??"]
[Round "?"]
[White "Prezzi, Adriano"]
[Black "Tucci, Ferdinando"]
[Result "1/2-1/2"]
[WhiteElo "1550"]
[BlackElo "1600"]
[PlyCount "39"]
[EventDate "2000.01.20"]
[EventType "tourn (corr)"]
[EventRounds "6"]
[EventCountry "ITA"]
[SourceTitle "Corr 2002"]
[Source "ChessBase"]
[SourceDate "2002.05.23"]
[SourceVersion "1"]
[SourceVersionDate "2002.05.23"]
[SourceQuality "1"]

1. e4 e6 2. d4 d5 3. Nc3 Bb4 4. e5 c5 5. a3 Bxc3+ 6. bxc3 Qc7 7. Qg4 f5 8. Qh5+ Qf7 9. Qxf7+ Kxf7 10. Nf3 c4 11. Ng5+ Ke7 12. Be2 Nh6 13. 0-0 Nf7 14. a4 Nxg5 15. Bxg5+ Kf7 16. a5 h6 17. Be3 g5 18. f4 g4 19. h3 h5 20. h4 1/2-1/2

[Event "SEMI B005 email"]
[Site "SEMI email"]
[Date "2000.??.??"]
[Round "?"]
[White "Tomassini, Lamberto"]
[Black "Prezzi, Adriano"]
[Result "1-0"]
[WhiteElo "1017"]
[BlackElo "1550"]
[PlyCount "49"]
[EventDate "2000.01.20"]
[EventType "tourn (corr)"]
[EventRounds "6"]
[EventCountry "ITA"]
[SourceTitle "Corr 2002"]
[Source "ChessBase"]
[SourceDate "2002.05.23"]
[SourceVersion "1"]
[SourceVersionDate "2002.05.23"]
[SourceQuality "1"]

1. d4 Nf6 2. c4 e6 3. Nc3 Bb4 4. Qc2 c5 5. dxc5 0-0 6. Bg5 Na6 7. a3 Bxc3+ 8. Qxc3 Nxc5 9. Bxf6 Qxf6 10. Qxf6 gxf6 11. b4 Nb3 12. Rb1 Nd4 13. e3 Nc6 14. Rd1 b6 15. Ne2 Kg7 16. Ng3 Rg8 17. Be2 f5 18. f4 f6 19. 0-0 a5 20. b5 Nd8 21. e4 fxe4 22. Nxe4 Nb7 23. f5 Rf8 24. Rd3 e5 25. g4 1-0